000 01160cam a2200301 a 4500
001 672263
003 NUST-PNEC
005 20170116180716.0
008 950623s1996 nyua b 001 0 eng
010 _a 95032998
020 _a0471311227
040 _cPNEC
050 0 0 _aTJ778
_b.B34 1996
082 0 0 _a621.43'3 BAT
_220
100 1 _aBathie, William W.
245 1 0 _aFundamentals of gas turbines /
_cWilliam W. Bathie.
250 _a2nd ed.
260 _aNew York :
_bWiley,
_c1996.
300 _axiv, 453 p. :
_bill. ;
_c26 cm.
500 _aIncludes Index http://www.amazon.com/s/ref=nb_sb_noss?url=search-alias%3Dstripbooks&field-keywords=0471311227
504 _aIncludes bibliographical references and index.
650 0 _aGas-turbines.
_xME
856 4 2 _3Publisher description
_uhttp://www.loc.gov/catdir/description/wiley037/95032998.html
856 4 _3Table of Contents
_uhttp://www.loc.gov/catdir/toc/onix01/95032998.html
906 _a7
_bcbc
_corignew
_d1
_eocip
_f19
_gy-gencatlg
942 _2ddc
_cBK
999 _c61148
_d61148